| 000 | 00456nam a2200181Ia 4500 | ||
|---|---|---|---|
| 001 | 19001 | ||
| 005 | 20260306171711.0 | ||
| 008 | 260306s9999||||xx |||||||||||||| ||und|| | ||
| 041 | _aESP | ||
| 082 |
_a658.78 _bB78 2007 |
||
| 100 |
_aBowersox, Donald J. _eAUT |
||
| 245 | 0 | _aAdministración y logística en la cadena de suministros | |
| 260 | _c2007 | ||
| 300 |
_a408 páginas : _ccm. |
||
| 650 | _aGEN | ||
| 654 | _aCAN | ||
| 942 |
_cLIB _dJUS _fJUS _2ddc _n |
||
| 999 |
_c19001 _d19001 |
||